[Event "La Plagne Soleil op"]
[Site "La Plagne"]
[Date "2025.07.07"]
[Round "4"]
[White "Wagh, Suyog"]
[Black "David, Alberto"]
[Result "1-0"]
[WhiteElo "2315"]
[BlackElo "2469"]
[PlyCount "230"]
[EventDate "2025.07.05"]
[EventType "swiss"]
[EventRounds "9"]
[EventCountry "FRA"]
[SourceTitle "CB29_2025"]
[SourceDate "2025.07.16"]
[SourceVersion "1"]
[SourceVersionDate "2025.07.16"]
[SourceQuality "1"]

1. d4 Nf6 2. c4 e6 3. Nc3 Bb4 4. e3 0-0 5. Bd3 d5 6. a3 Bxc3+ 7. bxc3 dxc4 8. Bxc4 c5 9. Nf3 Qc7 10. Be2 b6 11. Bb2 Bb7 12. 0-0 Nbd7 13. c4 Rac8 14. Nd2 Rfd8 15. a4 Nf8 16. Re1 Ng6 17. a5 Ne4 18. a6 Ba8 19. Nxe4 Bxe4 20. Qb3 Qe7 21. f3 Ba8 22. Bf1 Qg5 23. Kh1 Nh4 24. Qc2 b5 25. d5 exd5 26. cxb5 d4 27. e4 c4 28. Qf2 d3 29. Bc3 Ng6 30. Qxa7 Qxb5 31. Reb1 Qe8 32. Qf2 Qd7 33. Ra5 h6 34. Qg3 Qc6 35. h4 Qd6 36. Kh2 f6 37. Qxd6 Rxd6 38. h5 Ne5 39. Kg3 Kf7 40. Kf4 Nd7 41. a7 Rb6 42. Rxb6 Nxb6 43. g3 Nd7 44. Bh3 Rc7 45. Bxd7 Rxd7 46. Ke3 Ke6 47. Ra6+ Kf7 48. g4 Ke8 49. Ra2 Rc7 50. Bd4 Rd7 51. Rb2 Kf7 52. Rb1 d2 53. Rd1 c3 54. Bxc3 Rxa7 55. Rxd2 Bc6 56. Bd4 Rd7 57. Rc2 Bb7 58. Rc5 Re7 59. Rb5 Rd7 60. Rb6 Rc7 61. Kf4 Rd7 62. Bc5 Rc7 63. Bd6 Rd7 64. Ke3 Bc8 65. Kf4 Rb7 66. Rc6 Bd7 67. Ra6 Kg8 68. Bc5 Kh7 69. Rd6 Kg8 70. Bb6 Kf7 71. Kg3 Ke7 72. Bc5 Kf7 73. Rd3 Rc7 74. Ba3 Ra7 75. Kf4 Rb7 76. Rd4 Ra7 77. Bd6 Rb7 78. Kg3 Kg8 79. e5 fxe5 80. Bxe5 Kf7 81. Kh4 Bc6 82. f4 Rd7 83. Rc4 Bd5 84. Ra4 Rb7 85. Ra6 Be6 86. Bxg7 Bxg4 87. Bxh6 Be2 88. Ra2 Bd3 89. Ra3 Be4 90. Re3 Bf5 91. Re5 Bd3 92. Bg5 Rb1 93. Kg3 Rg1+ 94. Kf2 Rh1 95. h6 Kg6 96. Re7 Kf5 97. Kg2 Rh5 98. Kg3 Bc2 99. Rc7 Bd3 100. Rf7+ Ke4 101. Kg2 Kd5 102. Re7 Kd4 103. Kf3 Bf5 104. Re5 Rxg5 105. h7 Rh5 106. Rxf5 Rxh7 107. Ra5 Re7 108. f5 Re5 109. Ra4+ Kd5 110. Kf4 Re1 111. Ra6 Rf1+ 112. Kg5 Rg1+ 113. Kf6 Rh1 114. Kg6 Rg1+ 115. Kf7 Rg3 1-0

[Event "La Plagne Soleil op"]
[Site "La Plagne"]
[Date "2025.07.06"]
[Round "2"]
[White "Gales, Randi Ioan"]
[Black "David, Alberto"]
[Result "1/2-1/2"]
[WhiteElo "2243"]
[BlackElo "2469"]
[PlyCount "31"]
[EventDate "2025.07.05"]
[EventType "swiss"]
[EventRounds "9"]
[EventCountry "FRA"]
[SourceTitle "CB29_2025"]
[SourceDate "2025.07.16"]
[SourceVersion "1"]
[SourceVersionDate "2025.07.16"]
[SourceQuality "1"]

1. d4 Nf6 2. c4 d6 3. Nf3 Nbd7 4. Nc3 e5 5. e4 g6 6. Be2 Bg7 7. 0-0 0-0 8. Be3 Re8 9. Qc2 h6 10. d5 Nh5 11. g3 Ndf6 12. Kg2 Ng4 13. Bd2 Ngf6 14. Be3 Ng4 15. Bd2 Ngf6 16. Be3 1/2-1/2

[Event "FRA-ch Blitz"]
[Site "Saint Maur des Fosses"]
[Date "2025.06.15"]
[Round "1"]
[White "Gilles, Francois"]
[Black "David, Alberto"]
[Result "0-1"]
[WhiteElo "1651"]
[BlackElo "2517"]
[PlyCount "37"]
[EventDate "2025.06.15"]
[EventType "swiss"]
[EventRounds "13"]
[EventCountry "FRA"]
[SourceTitle "CB25_2025"]
[SourceDate "2025.06.18"]
[SourceVersion "1"]
[SourceVersionDate "2025.06.18"]
[SourceQuality "1"]

1. d4 Nf6 2. c4 e6 3. Nc3 Bb4 4. e3 0-0 5. Bd3 d5 6. Nf3 c5 7. 0-0 Nc6 8. cxd5 exd5 9. Qc2 c4 10. Be2 Bg4 11. h3 Bh5 12. a3 Bd6 13. Rd1 Bg6 14. Qd2 Na5 15. Ra2 Nb3 16. Qe1 Bc2 17. Nh4 Re8 18. Nf5 Bxf5 19. Ra1 0-1

[Event "FRA-ch Rapid"]
[Site "Saint Maur des Fosses"]
[Date "2025.06.14"]
[Round "9"]
[White "David, Alberto"]
[Black "Droin, Augustin"]
[Result "0-1"]
[WhiteElo "2607"]
[BlackElo "2513"]
[PlyCount "108"]
[EventDate "2025.06.14"]
[EventType "swiss"]
[EventRounds "9"]
[EventCountry "FRA"]
[SourceTitle "CB25_2025"]
[SourceDate "2025.06.18"]
[SourceVersion "1"]
[SourceVersionDate "2025.06.18"]
[SourceQuality "1"]

1. c4 Nf6 2. Nc3 c5 3. g3 Nc6 4. Bg2 b6 5. e3 Bb7 6. d4 cxd4 7. exd4 Rc8 8. Nf3 Na5 9. b3 d5 10. 0-0 e6 11. Ne5 Be7 12. Bg5 0-0 13. Rc1 dxc4 14. Bxb7 Nxb7 15. bxc4 Nd7 16. Bxe7 Qxe7 17. Nxd7 Qxd7 18. Qd3 Rfd8 19. Rfd1 h6 20. a4 Na5 21. d5 Nxc4 22. Qe2 Nd6 23. dxe6 Qxe6 24. Qxe6 fxe6 25. Nb5 Rxc1 26. Rxc1 Nxb5 27. axb5 Rd7 28. Kg2 Kf7 29. Kf3 Kf6 30. Ke4 g5 31. Rc8 Rd5 32. Rc7 Re5+ 33. Kd3 Rxb5 34. Rxa7 h5 35. Rh7 Kg6 36. Re7 Kf5 37. h3 Rb3+ 38. Ke2 h4 39. g4+ Ke5 40. Rg7 Kf4 41. Rf7+ Ke4 42. Rf6 e5 43. f3+ Kd4 44. Rd6+ Kc5 45. Rg6 b5 46. Rxg5 Kd4 47. Rh5 Rb2+ 48. Kd1 Rf2 49. Rxh4 Kd3 50. Ke1 Rxf3 51. Rh8 b4 52. Rd8+ Kc2 53. Rc8+ Rc3 54. Rb8 b3 0-1

[Event "FRA-chT Top 16 Basse"]
[Site "Belfort"]
[Date "2025.06.01"]
[Round "4.5"]
[White "Samoun, Florent"]
[Black "David, Alberto"]
[Result "0-1"]
[WhiteElo "2261"]
[BlackElo "2481"]
[PlyCount "84"]
[EventDate "2025.05.29"]
[EventType "team-tourn"]
[EventRounds "4"]
[EventCountry "FRA"]
[SourceTitle "CB23_2025"]
[SourceDate "2025.06.04"]
[SourceVersion "1"]
[SourceVersionDate "2025.06.04"]
[SourceQuality "1"]
[WhiteTeam "Bois Colombes"]
[BlackTeam "Chalon"]
[WhiteTeamCountry "FRA"]
[BlackTeamCountry "FRA"]

1. e4 c5 2. Nf3 d6 3. d4 cxd4 4. Qxd4 Nf6 5. Bb5+ Bd7 6. Bxd7+ Nbxd7 7. Nc3 g6 8. Be3 Bg7 9. h3 0-0 10. Qb4 Qc7 11. 0-0 Rfc8 12. Rfd1 Qc6 13. a4 a5 14. Qb5 Qxb5 15. axb5 Rxc3 16. bxc3 Nxe4 17. Bd4 Nxc3 18. Re1 e6 19. Bxg7 Kxg7 20. Re3 Nd5 21. Rea3 Rc8 22. Rxa5 Rxc2 23. Nd4 Rd2 24. Nf3 Rb2 25. Ne1 Nc5 26. R1a2 Rb4 27. Nc2 Rb1+ 28. Kh2 Nc3 29. Na3 Rb3 30. Rc2 b6 31. Ra8 d5 32. f3 N5a4 33. Ra2 Nxa2 34. Rxa4 Nc3 35. Ra6 g5 36. Nc2 Rxb5 37. Nd4 Rb2 38. Nc6 Ne2 39. Ra7 Nf4 40. Nd8 Rxg2+ 41. Kh1 Rg3 42. Nxf7 Kf6 0-1

[Event "FRA-chT Top 16 GpB"]
[Site "Belfort"]
[Date "2025.05.27"]
[Round "6.29"]
[White "David, Alberto"]
[Black "Lamaze, Simon"]
[Result "0-1"]
[WhiteElo "2481"]
[BlackElo "2424"]
[PlyCount "56"]
[EventDate "2025.05.22"]
[EventType "team-tourn"]
[EventRounds "7"]
[EventCountry "FRA"]
[SourceTitle "CB22_2025"]
[SourceDate "2025.05.28"]
[SourceVersion "1"]
[SourceVersionDate "2025.05.28"]
[SourceQuality "1"]
[WhiteTeam "Chalon"]
[BlackTeam "Marseille"]
[WhiteTeamCountry "FRA"]
[BlackTeamCountry "FRA"]

1. d4 Nf6 2. Bg5 d5 3. e3 Ne4 4. Bf4 Bf5 5. f3 Nd6 6. Nc3 e6 7. Qe2 Bg6 8. h4 h5 9. e4 c6 10. 0-0-0 Be7 11. Qe1 Na6 12. Be5 b5 13. exd5 cxd5 14. Bxg7 Rg8 15. Be5 Nc4 16. Bxc4 bxc4 17. a3 Bh7 18. Rd2 Qa5 19. Qe3 Bxa3 20. Nb1 Bb4 21. Rf2 Be1 22. Re2 Nb4 23. Nh3 Nd3+ 24. cxd3 cxd3 25. Rc2 d2+ 26. Rxd2 Bxd2+ 27. Qxd2 Rc8+ 28. Kd1 Qa1 0-1

[Event "FRA-chT Top 16 GpB"]
[Site "Belfort"]
[Date "2025.05.23"]
[Round "2.4"]
[White "David, Alberto"]
[Black "Demuth, Adrien"]
[Result "1/2-1/2"]
[WhiteElo "2481"]
[BlackElo "2524"]
[PlyCount "64"]
[EventDate "2025.05.22"]
[EventType "team-tourn"]
[EventRounds "7"]
[EventCountry "FRA"]
[SourceTitle "CB22_2025"]
[SourceDate "2025.05.28"]
[SourceVersion "1"]
[SourceVersionDate "2025.05.28"]
[SourceQuality "1"]
[WhiteTeam "Chalon"]
[BlackTeam "Grasse Echecs"]
[WhiteTeamCountry "FRA"]
[BlackTeamCountry "FRA"]

1. c4 Nf6 2. Nc3 g6 3. d4 Bg7 4. e4 d6 5. Be2 0-0 6. Be3 Nc6 7. d5 Ne5 8. Nf3 Nfg4 9. Bd2 e6 10. h3 Nxf3+ 11. gxf3 Nf6 12. Bg5 h6 13. Be3 exd5 14. cxd5 c6 15. dxc6 bxc6 16. Qd2 Kh7 17. Rd1 d5 18. h4 h5 19. exd5 Nxd5 20. Nxd5 cxd5 21. b3 Bb7 22. Kf1 Re8 23. Qb4 Qe7 24. Qxe7 Rxe7 25. Bc5 Rc7 26. b4 Bf8 27. Bxf8 Rxf8 28. Kg2 Rc2 29. Bd3 Rxa2 30. Ra1 Rb2 31. b5 Rb3 32. Rxa7 Rb8 1/2-1/2

[Event "FRA-chT Top 16 GpB"]
[Site "Belfort"]
[Date "2025.05.22"]
[Round "1.5"]
[White "David, Alberto"]
[Black "Decuigniere, Tom"]
[Result "0-1"]
[WhiteElo "2481"]
[BlackElo "2366"]
[PlyCount "164"]
[EventDate "2025.05.22"]
[EventType "team-tourn"]
[EventRounds "7"]
[EventCountry "FRA"]
[SourceTitle "CB22_2025"]
[SourceDate "2025.05.28"]
[SourceVersion "1"]
[SourceVersionDate "2025.05.28"]
[SourceQuality "1"]
[WhiteTeam "Chalon"]
[BlackTeam "Vandoeuvre"]
[WhiteTeamCountry "FRA"]
[BlackTeamCountry "FRA"]

1. c4 e6 2. Nc3 d5 3. d4 Nf6 4. cxd5 exd5 5. Bg5 c6 6. e3 Qb6 7. Bd3 Qxb2 8. Nge2 Be7 9. 0-0 Qa3 10. f3 Nh5 11. Bxe7 Qxe7 12. e4 Be6 13. e5 g6 14. f4 Ng7 15. Ng3 Nd7 16. Rb1 Nb6 17. f5 gxf5 18. Qc1 h5 19. Rb3 Rg8 20. Qh6 0-0-0 21. Nce2 Nc4 22. Nf4 h4 23. Nge2 Ne8 24. Rfb1 b5 25. Bxf5 Nc7 26. Bxe6+ fxe6 27. Rh3 Rh8 28. Qg6 Rdg8 29. Qd3 Qg7 30. Rf1 Qg4 31. Rf2 Rg7 32. Qf3 Rf8 33. Qxg4 Rxg4 34. Nd3 Rf5 35. Nef4 Kd7 36. Rhf3 Ke7 37. Nc5 Nd2 38. Ng6+ Rxg6 39. Rxf5 exf5 40. Rxd2 Ne6 41. Nxe6 Kxe6 42. Rc2 Kd7 43. h3 a5 44. Rf2 Rg5 45. Rf4 Rh5 46. g4 hxg3 47. Kg2 Ke6 48. Kxg3 c5 49. dxc5 Kxe5 50. Rf1 Rh8 51. Re1+ Kd4 52. c6 Rc8 53. Rc1 Ke3 54. Rc3+ Ke4 55. c7 b4 56. Rc5 a4 57. h4 b3 58. axb3 axb3 59. h5 f4+ 60. Kf2 b2 61. Rb5 Rxc7 62. Rxb2 Rh7 63. Re2+ Kd4 64. Rd2+ Kc4 65. Rc2+ Kd3 66. Ra2 Rxh5 67. Kf3 Rf5 68. Ra3+ Kc4 69. Ra4+ Kb3 70. Ra8 Rf7 71. Rb8+ Kc3 72. Rc8+ Kd3 73. Rd8 d4 74. Re8 Kc3 75. Rc8+ Kd2 76. Rc4 d3 77. Rc6 Kd1 78. Rc3 d2 79. Kf2 Re7 80. Rc4 Re2+ 81. Kf1 Re3 82. Kf2 Ra3 0-1

[Event "Chania Theodorakis Memorial 4th"]
[Site "Chania"]
[Date "2025.04.25"]
[Round "7"]
[White "Tsarsitalidis, Christos"]
[Black "David, Alberto"]
[Result "1/2-1/2"]
[WhiteElo "2168"]
[BlackElo "2466"]
[PlyCount "71"]
[EventDate "2025.04.21"]
[EventType "swiss"]
[EventRounds "9"]
[EventCountry "GRE"]
[SourceTitle "CB20_2025"]
[SourceDate "2025.05.14"]
[SourceVersion "1"]
[SourceVersionDate "2025.05.14"]
[SourceQuality "1"]

1. e4 c5 2. Nf3 e6 3. d4 cxd4 4. Nxd4 a6 5. c4 Nf6 6. Nc3 Qc7 7. a3 d6 8. Be3 b6 9. Rc1 Bb7 10. f3 Be7 11. g4 Qd8 12. Kd2 Nc6 13. Kc2 Rc8 14. Nxc6 Rxc6 15. g5 Nd7 16. f4 b5 17. cxb5 axb5 18. Kb1 Rxc3 19. Rxc3 Bxe4+ 20. Bd3 Bxh1 21. Qxh1 b4 22. axb4 d5 23. Bd4 Bxb4 24. Bxg7 Rg8 25. Qc1 Bxc3 26. Bxc3 e5 27. Bxh7 Rh8 28. Bf5 Qb6 29. Bb4 Qxb4 30. Qc8+ Ke7 31. Qxd7+ Kf8 32. Qd8+ Kg7 33. Qf6+ Kg8 34. g6 Qe1+ 35. Ka2 Qa5+ 36. Kb1 1/2-1/2

[Event "Chania Theodorakis Memorial 4th"]
[Site "Chania"]
[Date "2025.04.24"]
[Round "5"]
[White "Hamitevici, Vladimir"]
[Black "David, Alberto"]
[Result "1-0"]
[WhiteElo "2423"]
[BlackElo "2466"]
[PlyCount "119"]
[EventDate "2025.04.21"]
[EventType "swiss"]
[EventRounds "9"]
[EventCountry "GRE"]
[SourceTitle "CB20_2025"]
[SourceDate "2025.05.14"]
[SourceVersion "1"]
[SourceVersionDate "2025.05.14"]
[SourceQuality "1"]

1. d4 Nf6 2. c4 e6 3. Nc3 Bb4 4. f3 d5 5. a3 Bxc3+ 6. bxc3 c6 7. e3 0-0 8. Bd3 dxc4 9. Bxc4 c5 10. Ne2 Qc7 11. Bd3 Nc6 12. g4 cxd4 13. cxd4 Rd8 14. Qc2 h5 15. g5 Qa5+ 16. Kf2 Qxg5 17. h4 Qd5 18. e4 Qd7 19. Be3 e5 20. d5 Ne7 21. Rag1 Ng6 22. Rg5 Qd6 23. Qb2 Bd7 24. Rhg1 Rdc8 25. Ng3 Qc7 26. Nxh5 Nxh5 27. Rxh5 Qc3 28. Qxc3 Rxc3 29. Bb1 f6 30. f4 Rxe3 31. Kxe3 exf4+ 32. Kd4 Ne5 33. Rxe5 fxe5+ 34. Kxe5 Rf8 35. Rf1 f3 36. Rf2 Rf6 37. Ba2 Bg4 38. d6+ Kh7 39. Bd5 Kh6 40. Bxb7 Kh5 41. Bc6 Kxh4 42. d7 Bxd7 43. Bxd7 Kg3 44. Rc2 f2 45. Rc3+ Kh2 46. Bb5 Rb6 47. Be2 Rb2 48. Bc4 Rb8 49. Rf3 Kg2 50. Rf7 g5 51. Rg7 Kf3 52. Rxg5 Rc8 53. Rf5+ Ke3 54. Kd5 Rd8+ 55. Kc5 Rd2 56. e5 Ke4 57. Rf7 Kxe5 58. Rxa7 Rd5+ 59. Kb4 Rd1 60. Rf7 1-0

[Event "Chania Theodorakis Memorial 4th"]
[Site "Chania"]
[Date "2025.04.21"]
[Round "1"]
[White "David, Alberto"]
[Black "Delis, Georgios1"]
[Result "1/2-1/2"]
[WhiteElo "2466"]
[BlackElo "1863"]
[PlyCount "66"]
[EventDate "2025.04.21"]
[EventType "swiss"]
[EventRounds "9"]
[EventCountry "GRE"]
[SourceTitle "CB20_2025"]
[SourceDate "2025.05.14"]
[SourceVersion "1"]
[SourceVersionDate "2025.05.14"]
[SourceQuality "1"]

1. e4 c5 2. Nf3 e6 3. g3 d5 4. exd5 exd5 5. d4 Nc6 6. Bg2 c4 7. 0-0 Bd6 8. b3 cxb3 9. axb3 Nge7 10. c4 0-0 11. Nc3 Bb4 12. Bb2 Bg4 13. Ne2 Bd6 14. h3 Be6 15. Ng5 Bf5 16. Ba3 h6 17. Nf3 Bc7 18. Nc3 Re8 19. Rc1 Qd7 20. Nb5 Bb8 21. Re1 a6 22. Nc3 Bc7 23. cxd5 Nxd5 24. Nxd5 Qxd5 25. Ne5 Qa5 26. Nxc6 Qxa3 27. Qf3 Be4 28. Qh5 Bxg2 29. Kxg2 bxc6 30. Rxe8+ Rxe8 31. Rxc6 Bd8 32. Qd5 Bf6 33. Rc7 Rf8 1/2-1/2

[Event "ITA-chT Final 56th"]
[Site "Darfo Boario Terme"]
[Date "2025.04.07"]
[Round "1.14"]
[White "David, Alberto"]
[Black "Borgo, Giulio"]
[Result "1-0"]
[WhiteElo "2466"]
[BlackElo "2295"]
[PlyCount "59"]
[EventDate "2025.04.07"]
[EventType "team-swiss"]
[EventRounds "9"]
[EventCountry "ITA"]
[SourceTitle "CB16_2025"]
[SourceDate "2025.04.16"]
[SourceVersion "1"]
[SourceVersionDate "2025.04.16"]
[SourceQuality "1"]
[WhiteTeam "Partenopea"]
[BlackTeam "Cerianese Scacchistica"]
[WhiteTeamCountry "ITA"]
[BlackTeamCountry "ITA"]

1. c4 c5 2. g3 g6 3. Bg2 Bg7 4. Nc3 Nc6 5. d3 d6 6. Qd2 h5 7. h4 Nh6 8. b3 0-0 9. Bb2 Ng4 10. e3 e6 11. Nge2 Bh6 12. d4 cxd4 13. Nxd4 Nce5 14. 0-0 a6 15. Ne4 f5 16. Ng5 Qe7 17. Qc3 Nf7 18. f3 Nge5 19. f4 Ng4 20. Nxf7 Kxf7 21. e4 Bg7 22. Rae1 Qc7 23. Qd2 Qb6 24. Kh1 e5 25. exf5 gxf5 26. fxe5 Bxe5 27. Qg5 Nf6 28. Nxf5 Bxf5 29. Rxf5 Rg8 30. Rxf6+ 1-0

[Event "WchT Seniors 50"]
[Site "Prague"]
[Date "2025.02.26"]
[Round "9.1"]
[White "David, Alberto"]
[Black "Csiszar, Csaba"]
[Result "1-0"]
[WhiteElo "2467"]
[BlackElo "2378"]
[PlyCount "67"]
[EventDate "2025.02.17"]
[EventType "team-swiss"]
[EventRounds "9"]
[EventCountry "CZE"]
[SourceTitle "CB09_2025"]
[SourceDate "2025.02.27"]
[SourceVersion "1"]
[SourceVersionDate "2025.02.27"]
[SourceQuality "1"]
[WhiteTeam "Italy 50"]
[BlackTeam "Hungary 50"]
[WhiteTeamCountry "ITA"]
[BlackTeamCountry "HUN"]

1. e4 c5 2. Nf3 Nc6 3. Bb5 d6 4. 0-0 Bd7 5. Re1 Nf6 6. c3 a6 7. Bf1 Bg4 8. h3 Bxf3 9. Qxf3 g6 10. d3 Bg7 11. Be3 Nd7 12. Nd2 b5 13. Qd1 b4 14. Qa4 Qc7 15. Rac1 Qb7 16. cxb4 Nxb4 17. a3 Nc6 18. b4 0-0 19. bxc5 Nxc5 20. Bxc5 dxc5 21. Rxc5 Nd4 22. e5 Rfd8 23. Rb1 Qa7 24. Ne4 Rab8 25. Rbc1 Qb6 26. Qc4 Bh6 27. Re1 Bf4 28. Rc7 Re8 29. Nf6+ Kg7 30. Nxe8+ Rxe8 31. Re4 Ne6 32. Rc6 Bh2+ 33. Kxh2 Qxf2 34. Rxe6 1-0

[Event "ITA-ch 83rd"]
[Site "Turin"]
[Date "2024.12.05"]
[Round "9"]
[White "Moroni, Luca Jr"]
[Black "David, Alberto"]
[Result "1-0"]
[WhiteElo "2571"]
[BlackElo "2494"]
[PlyCount "62"]
[EventDate "2024.11.26"]
[EventType "swiss"]
[EventRounds "11"]
[EventCountry "ITA"]
[EventCategory "8"]
[SourceTitle "CB50_2024"]
[SourceDate "2024.11.01"]
[SourceVersion "1"]
[SourceVersionDate "2024.11.01"]
[SourceQuality "2"]

1. c4 e5 2. g3 c6 3. Nf3 e4 4. Nd4 d5 5. cxd5 Qxd5 6. Nc2 Nf6 7. Nc3 Qe5 8. Bg2 Na6 9. a3 Nc5 10. b4 Nb3 11. Rb1 Nxc1 12. Qxc1 Be7 13. Ne3 0-0 14. Qc2 a5 15. bxa5 Qxa5 16. a4 Qa6 17. 0-0 Rd8 18. Rb2 Rd4 19. Rfb1 h5 20. h4 Bf8 21. a5 Ba3 22. Rb3 Bf8 23. R1b2 Kh8 24. Qb1 Bc5 25. Qc2 Bf8 26. Bxe4 Nxe4 27. Nxe4 Qxa5 28. Ng5 f5 29. Rxb7 Bxb7 30. Rxb7 Rb4 31. Qxc6 Rxb7 1-0

[Event "ITA-ch 83rd"]
[Site "Turin"]
[Date "2024.11.29"]
[Round "4"]
[White "David, Alberto"]
[Black "Paduano, Claudio"]
[Result "1/2-1/2"]
[WhiteElo "2494"]
[BlackElo "2262"]
[PlyCount "48"]
[EventDate "2024.11.26"]
[EventType "swiss"]
[EventRounds "11"]
[EventCountry "ITA"]
[EventCategory "8"]
[SourceTitle "CB50_2024"]
[SourceDate "2024.11.01"]
[SourceVersion "1"]
[SourceVersionDate "2024.11.01"]
[SourceQuality "2"]

1. d4 Nf6 2. c4 e6 3. Nc3 Bb4 4. Bd2 0-0 5. e3 b6 6. Bd3 Bb7 7. Nh3 d6 8. 0-0 c5 9. a3 Ba5 10. Rb1 Nc6 11. Be1 Bxc3 12. Bxc3 cxd4 13. exd4 d5 14. b3 Kh8 15. Qf3 Qc7 16. Rbc1 dxc4 17. d5 cxd3 18. Bxf6 exd5 19. Qf5 gxf6 20. Ng5 fxg5 21. Qf6+ Kg8 22. Qxg5+ Kh8 23. Qf6+ Kg8 24. Qg5+ Kh8 1/2-1/2

[Event "Spilimbergo op 22nd"]
[Site "Spilimbergo"]
[Date "2024.08.12"]
[Round "6"]
[White "Boder, Jan"]
[Black "David, Alberto"]
[Result "0-1"]
[WhiteElo "2349"]
[BlackElo "2507"]
[PlyCount "50"]
[EventDate "2024.08.09"]
[EventType "swiss"]
[EventRounds "9"]
[EventCountry "ITA"]
[SourceTitle "EXT 2025"]
[Source "ChessBase"]
[SourceDate "2024.10.14"]
[SourceVersion "1"]
[SourceVersionDate "2024.10.14"]
[SourceQuality "1"]

1. Nf3 Nf6 2. g3 d5 3. Bg2 g6 4. c4 c6 5. 0-0 Bg7 6. d4 0-0 7. Qb3 Qb6 8. Qxb6 axb6 9. cxd5 Nxd5 10. Bd2 Rd8 11. a3 b5 12. Nc3 Nb6 13. Rad1 Bf5 14. e4 Bg4 15. Ne2 Nc4 16. Bc3 e5 17. dxe5 Nd7 18. Ned4 Ndxe5 19. h3 Nxf3+ 20. Nxf3 Bxf3 21. Bxf3 Bxc3 22. bxc3 Nd2 23. Rxd2 Rxd2 24. e5 Rxa3 25. Bg4 Kf8 0-1

[Event "Spilimbergo op 22nd"]
[Site "Spilimbergo"]
[Date "2024.08.11"]
[Round "4"]
[White "Savanovic, Aleksandar"]
[Black "David, Alberto"]
[Result "1/2-1/2"]
[WhiteElo "2337"]
[BlackElo "2507"]
[PlyCount "31"]
[EventDate "2024.08.09"]
[EventType "swiss"]
[EventRounds "9"]
[EventCountry "ITA"]
[SourceTitle "EXT 2025"]
[Source "ChessBase"]
[SourceDate "2024.10.14"]
[SourceVersion "1"]
[SourceVersionDate "2024.10.14"]
[SourceQuality "1"]

1. e4 c6 2. d4 d5 3. e5 Bf5 4. Nf3 e6 5. Be2 Ne7 6. 0-0 h6 7. Nbd2 Nd7 8. Nb3 Qc7 9. Bd2 a5 10. a4 g5 11. Rc1 Bg7 12. Qe1 b6 13. c4 dxc4 14. Bxc4 0-0 15. Qe2 Qb7 16. Rfe1 1/2-1/2

[Event "Paleochora op 17th"]
[Site "Paleochora"]
[Date "2024.07.26"]
[Round "8"]
[White "Giannoulakis, Labros"]
[Black "David, Alberto"]
[Result "1/2-1/2"]
[WhiteElo "2334"]
[BlackElo "2509"]
[PlyCount "65"]
[EventDate "2024.07.20"]
[EventType "swiss"]
[EventRounds "9"]
[EventCountry "GRE"]
[SourceTitle "CBM 221 Extra"]
[Source "ChessBase"]
[SourceDate "2024.09.30"]
[SourceVersion "1"]
[SourceVersionDate "2024.09.30"]
[SourceQuality "1"]

1. d4 Nf6 2. c4 e6 3. Nc3 Bb4 4. Qc2 d6 5. a3 Bxc3+ 6. Qxc3 0-0 7. Nf3 b6 8. g3 Bb7 9. Bg2 Nbd7 10. 0-0 Rc8 11. b4 c5 12. Bb2 cxb4 13. Qxb4 Qc7 14. Rac1 Rfe8 15. Rfd1 Qb8 16. Bh3 Bxf3 17. exf3 d5 18. Bf1 dxc4 19. Bxc4 Nd5 20. Qb3 N7f6 21. a4 Rc6 22. Ba6 Rxc1 23. Rxc1 Nc7 24. Bf1 Ncd5 25. Ba6 Ne7 26. f4 Nfd5 27. Bd3 Rc8 28. f5 Rxc1+ 29. Bxc1 Qc8 30. Ba3 exf5 31. Bc4 Qd7 32. a5 g6 33. axb6 1/2-1/2

[Event "Paleochora op 17th"]
[Site "Paleochora"]
[Date "2024.07.24"]
[Round "6"]
[White "David, Alberto"]
[Black "Gomez Barrera, Javiera Belen"]
[Result "1-0"]
[WhiteElo "2509"]
[BlackElo "2193"]
[PlyCount "75"]
[EventDate "2024.07.20"]
[EventType "swiss"]
[EventRounds "9"]
[EventCountry "GRE"]
[SourceTitle "CBM 221 Extra"]
[Source "ChessBase"]
[SourceDate "2024.09.30"]
[SourceVersion "1"]
[SourceVersionDate "2024.09.30"]
[SourceQuality "1"]

1. d4 Nf6 2. c4 g6 3. Nc3 Bg7 4. e4 d6 5. Be2 0-0 6. Be3 a5 7. Nf3 Ng4 8. Bd2 e5 9. d5 f5 10. Ng5 Na6 11. exf5 gxf5 12. Bxg4 fxg4 13. Nce4 Qe8 14. Qe2 h6 15. Ne6 Bxe6 16. dxe6 Qxe6 17. Bxa5 Nc5 18. Nxc5 dxc5 19. Bc3 Rf4 20. b3 h5 21. 0-0 h4 22. Bd2 Rf7 23. Qe4 h3 24. Be3 c6 25. a4 hxg2 26. Kxg2 Bh6 27. Rae1 Re8 28. Kh1 Bf4 29. Rg1 Ref8 30. Rg2 b6 31. f3 g3 32. Bxf4 Rxf4 33. Rxg3+ Kf7 34. Qh7+ Ke8 35. Rg6 Qf5 36. Qc7 e4 37. Rd6 Qg5 38. Qd7# 1-0

[Event "WchT Seniors 50"]
[Site "Krakow"]
[Date "2024.07.06"]
[Round "5.1"]
[White "Olafsson, Helgi"]
[Black "David, Alberto"]
[Result "1-0"]
[WhiteElo "2466"]
[BlackElo "2509"]
[PlyCount "77"]
[EventDate "2024.07.02"]
[EventType "team-swiss"]
[EventRounds "9"]
[EventCountry "POL"]
[SourceTitle "CBM 221 Extra"]
[Source "ChessBase"]
[SourceDate "2024.09.30"]
[SourceVersion "1"]
[SourceVersionDate "2024.09.30"]
[SourceQuality "1"]
[WhiteTeam "Iceland 50"]
[BlackTeam "Italy 50"]
[WhiteTeamCountry "ISL"]
[BlackTeamCountry "ITA"]

1. Nf3 Nf6 2. c4 b6 3. g3 Bb7 4. Bg2 e6 5. 0-0 Be7 6. d4 0-0 7. Nc3 Ne4 8. Bd2 Bf6 9. Rc1 d6 10. d5 Nxc3 11. Bxc3 Bxc3 12. Rxc3 e5 13. e4 a5 14. Nd2 Nd7 15. Bh3 Nc5 16. b3 Qf6 17. a3 Qh6 18. Kg2 c6 19. b4 axb4 20. axb4 Na4 21. Re3 cxd5 22. cxd5 Bc8 23. Bxc8 Rfxc8 24. Qa1 g6 25. Rc1 Nc3 26. Qb2 Na4 27. Qb1 b5 28. Rc6 Qg5 29. Qd3 Nb2 30. Qc2 Rxc6 31. dxc6 Na4 32. Qd3 Nb2 33. Qxb5 Nd1 34. Rd3 Ra2 35. c7 Rxd2 36. c8Q+ Kg7 37. Rxd2 Qxd2 38. Qb6 Qe1 39. Qc4 1-0